000 00937nam a2200301Ia 4500
003 OSt
005 20220912145255.0
006 a|||||r|||| 00| 0
007 ta
008 220909b |||||||| |||| 00| 0 eng d
020 _a9781402091575 (hbd)
024 _a83499
037 _b130, 12/03/2009, Aviva Books Company
037 _cTextbook
040 _aCSL
_beng
_cCSL
041 _aeng
082 _aG:55, P9 TEB
100 _aBoersema Jan J Ed.
245 0 _aPrinciples of environmental sciences
260 _aBerlin
_bSpringer
_c2009
300 _axvii, 542p.
_ccm.
500 _aIncludes bibliographical references.; Index 529-542p.
650 _a Environmental sciences
650 _aEnvironmental biology
700 _a Reijnders Lucas Ed.
942 _hG:55, P9 TEB
_cTB
_2CC
999 _c27684
_d27684